| 000 | 00765nam a22001817a 4500 | ||
|---|---|---|---|
| 999 |
_c372219 _d372219 |
||
| 008 | 201127b ||||| |||| 00| 0 eng d | ||
| 040 |
_aDE-2950 _bger _cDE-2950 _erda |
||
| 041 | _ager | ||
| 245 |
_aHöhere Freigrenze und neue Ansprüche auf Hilfe _bSoziales. Seit Herbst stellen viele Pflegeeinrichtungen ihren Klienten höhere Kosten in Rechnung. Die gestiegenen Eigenanteile kann aber nicht jeder zahlen/ _cInes Weber-Rath |
||
| 264 | _c2023 | ||
| 653 | _aFrankfurt (Oder) | ||
| 653 | _aPflegeheimkosten | ||
| 773 |
_dFrankfurt (Oder) Märkisches Verlags- und Druckhaus GmbH & Co KG _tMärkische Oderzeitung _g34. Jahrgang (2023) Nr. 38 vom 14.02.2023, S.13: mit Foto |
||
| 942 | _cA | ||